Ρόδα και Μήλα
Saved in:
| Main Author: | |
|---|---|
| Format: | Book |
| Language: | Greek |
| Published: |
Αθήνα : Paris :
Βιβλιοπωλείο της Εστίας, H. Welter, Editeur,
1902-1903
|
| Subjects: | |
| Tags: |
Add Tag
No Tags, Be the first to tag this record!
|
MARC
| LEADER | 00000cam a2200000 i 4500 | ||
|---|---|---|---|
| 001 | 1/66258 | ||
| 008 | 150206m19021903gr ||| | gre|| | ||
| 035 | |l 10120944 | ||
| 040 | |a GR-MyUA |b gre |e AACR2 | ||
| 041 | 0 | |a gre | |
| 082 | 0 | |a 889.4 |2 (23) | |
| 100 | 1 | |a Ψυχάρης, Γιάννης, |d 1854-1929. | |
| 245 | 1 | 0 | |a Ρόδα και Μήλα / |c Ψυχάρης. |
| 260 | |a Αθήνα : |a Paris : |b Βιβλιοπωλείο της Εστίας, |b H. Welter, Editeur, |c 1902-1903 | ||
| 300 | |a 2 τ., (305, 380 σ.) ; |c 21 εκ. | ||
| 500 | |a Στο recto του τ.1 σφραγίδα "Πορφυριάς Εμπορική Σχολή Σάμου Εν Καρλοβασίω" με αρ. 1403. Στην ίδια σελ. υπάρχει ιδιόχειρη αφιέρωση "Για τη βιβλιοθήκη της Σχολής. Να διαβαστούν αυτοίς οι νέοι, να μεγαλώσουν πιό γρήγορα. Ψυχάρης. 21 του Μάρτη 1906". Στο recto του τ.2 σφραγίδα "Πορφυριάς Αστική Σχολή Σάμου Εν Καρλοβασίω" με αρ. 1404. Στην ίδια σελ. ιδιόχειρη αφιέρωση "Στη βιβλιοθήκη της Σάμου. Γλωσσολογία στην Ελλάδα θα πεί σκοποί έθνους. 21 του Μάρτη 1906". | ||
| 500 | |a Στον τ.2 λείπουν τα εξώφυλλα η ράχη είναι λυμμένη. | ||
| 600 | 1 | 7 | |2 nlgaf |a Ψυχάρης, Γιάννης, |d 1854-1929. |
| 650 | 0 | 0 | |a Greek literature |x Essays. |
| 650 | 0 | 0 | |a Greek essays, Modern. |
| 650 | 0 | 0 | |a Greek language, Modern. |
| 852 | |a INST |b SAMOS |c PORFYRIADA |e 20150206 |h 889.4 ΨΥΧ |p 005300041591 |q 005300041591 |t NOLOAN |v τομ.1: |y 23 | ||
| 852 | |a INST |b SAMOS |c PORFYRIADA |e 20150206 |h 889.4 ΨΥΧ |p 005300041592 |q 005300041592 |t NOLOAN |v τομ.2: |y 23 | ||
| 901 | |a BIBL3-2015-1 | ||
| 909 | |a Σ |b 186107 | ||
| 909 | |a Σ |b 186108 | ||
| 970 | |a ΣΙΤΖΙΜΗ |b ΓΙΑΣΕΜΗ |z 2015/02/06 | ||